MyGZULibrary

Race, memory and the apartheid archive : (Record no. 750)

MARC details
000 -LEADER
fixed length control field 01828cam a22004695a 4500
001 - CONTROL NUMBER
control field 19808317
003 - CONTROL NUMBER IDENTIFIER
control field GZU
005 - DATE AND TIME OF LATEST TRANSACTION
control field 20200911144128.0
008 - FIXED-LENGTH DATA ELEMENTS--GENERAL INFORMATION
fixed length control field 170721s2013 sa a b 001 0 eng d
010 ## - LIBRARY OF CONGRESS CONTROL NUMBER
LC control number 2017418227
020 ## - INTERNATIONAL STANDARD BOOK NUMBER
International Standard Book Number 9781868147564
020 ## - INTERNATIONAL STANDARD BOOK NUMBER
International Standard Book Number 1868147568
035 ## - SYSTEM CONTROL NUMBER
System control number (OCoLC)ocn871089301
040 ## - CATALOGING SOURCE
Original cataloging agency OI@
Language of cataloging eng
Transcribing agency OI@
Modifying agency OCLCO
-- OCLCF
-- OCL
-- OCLCQ
-- NUI
-- OCL
-- DLC
042 ## - AUTHENTICATION CODE
Authentication code lccopycat
043 ## - GEOGRAPHIC AREA CODE
Geographic area code f-sa---
050 00 - LIBRARY OF CONGRESS CALL NUMBER
Classification number BF175.4.RAC
Item number 2013
245 00 - TITLE STATEMENT
Title Race, memory and the apartheid archive :
Remainder of title towards a transformative psychosocial praxis /
Statement of responsibility, etc. edited by Garth Stevens, Norman Duncan and Derek Hook.
260 ## - PUBLICATION, DISTRIBUTION, ETC.
Place of publication, distribution, etc. Johannesburg :
Name of publisher, distributor, etc. Wits University Press,
Date of publication, distribution, etc. 2013.
300 ## - PHYSICAL DESCRIPTION
Extent xvi, 368 pages :
Other physical details illustrations ;
Dimensions 22 cm
336 ## - CONTENT TYPE
Content type term text
Content type code txt
Source rdacontent
337 ## - MEDIA TYPE
Media type term unmediated
Media type code n
Source rdamedia
338 ## - CARRIER TYPE
Carrier type term volume
Carrier type code nc
Source rdacarrier
500 ## - GENERAL NOTE
General note "First published in 2013 by Palgrave Macmillan"--Title page verso.
504 ## - BIBLIOGRAPHY, ETC. NOTE
Bibliography, etc. note Includes bibliographical references (pages 335-359) and index.
648 #7 - SUBJECT ADDED ENTRY--CHRONOLOGICAL TERM
Chronological term 1900-1999
Source of heading or term fast
650 #0 - SUBJECT ADDED ENTRY--TOPICAL TERM
Topical term or geographic name entry element Psychoanalysis and racism
Geographic subdivision South Africa.
650 #0 - SUBJECT ADDED ENTRY--TOPICAL TERM
Topical term or geographic name entry element Apartheid
Geographic subdivision South Africa.
650 #7 - SUBJECT ADDED ENTRY--TOPICAL TERM
Topical term or geographic name entry element Apartheid.
Source of heading or term fast
Authority record control number or standard number (OCoLC)fst00811112
650 #7 - SUBJECT ADDED ENTRY--TOPICAL TERM
Topical term or geographic name entry element Psychoanalysis and racism.
Source of heading or term fast
Authority record control number or standard number (OCoLC)fst01081279
650 #7 - SUBJECT ADDED ENTRY--TOPICAL TERM
Topical term or geographic name entry element Race relations.
Source of heading or term fast
Authority record control number or standard number (OCoLC)fst01086509
650 #7 - SUBJECT ADDED ENTRY--TOPICAL TERM
Topical term or geographic name entry element Social conditions
Source of heading or term fast
Authority record control number or standard number (OCoLC)fst01919811
651 #0 - SUBJECT ADDED ENTRY--GEOGRAPHIC NAME
Geographic name South Africa
General subdivision Race relations.
651 #0 - SUBJECT ADDED ENTRY--GEOGRAPHIC NAME
Geographic name South Africa
General subdivision Social conditions.
651 #7 - SUBJECT ADDED ENTRY--GEOGRAPHIC NAME
Geographic name South Africa.
Source of heading or term fast
Authority record control number or standard number (OCoLC)fst01204616
700 1# - ADDED ENTRY--PERSONAL NAME
Personal name Stevens, Garth.
Relator term editor
700 1# - ADDED ENTRY--PERSONAL NAME
Personal name Duncan, Norman.
Relator term editor
700 1# - ADDED ENTRY--PERSONAL NAME
Personal name Hook, Derek.
906 ## - LOCAL DATA ELEMENT F, LDF (RLIN)
a 7
b cbc
c copycat
d 3
e ncip
f 20
g y-gencatlg
942 ## - ADDED ENTRY ELEMENTS (KOHA)
Source of classification or shelving scheme Library of Congress Classification
Koha item type Books
Classification part 175.4
Item part RAC
Call number prefix BF
Holdings
Withdrawn status Lost status Source of classification or shelving scheme Damaged status Not for loan Collection code Home library Current library Shelving location Date acquired Total Checkouts Full call number Barcode Date last seen Copy number Price effective from Koha item type
    Library of Congress Classification     Non-fiction City Campus Library City Campus Library General Stacks 11/29/2013   BF175.4 RAC 2013 027783 09/11/2020 c. 1 09/11/2020 Books